Le bon nom (click quiz) - Statistiques

Statistiques générales
  • Ce quiz a été pris 64 fois
  • Le résultat moyen est 5 sur 6
Statistiques - réponses
Hint Réponse % Correct
Charlie Chopine
92%
George Clownesque
92%
Jason Tatane
86%
Sean Canari
83%
Fred Hamster
83%
Roger Fourre
81%
Aucun quiz correspondant
Distribution des résultats
% des personnes avec chaque résultat
Percentile par nombre de réponses
Votre historique - résultats
Vous n’avez pas pris ce quiz